00471nam a22001697a 450000500170000001000150001702000260003203500130005803700130007108200130008424500500009726000380014727000600018530000210024550000190026670000160028520140102110726.0 aENG-108931 a9788186208106c895.00 aEN-92464 bDBAD/PUB a323.0954 aHuman rights in India /cedited by Aftab Alam aNew DelhibRaj Publicationsc2012 a108, 4855/24, Ansari Road, DaryaganjbNew Delhie110002 a400p. c22cm(Hb) aIncludes index a Aftab Alam